Statistics for Words That Rhyme With 'Covid'

Click here to take the quiz!

General Stats

  • This quiz has been taken 36 times
    (24 since last reset)
  • The average score is 13 of 20

Answer Stats

HintRhymes for co and vid?% Correct
Sid
95%
How you (as a hip young thing) might informally greet your friend Sidney.Yo
90%
Bid
85%
The unconscious and impulsive part of a female deer's personality.Doe
85%
Hid / Quid
85%
What happens when you're not driving fast, but you lose control of your car.Slow
80%
Did
75%
What you make on Ebay when you don't want to spend too much money.Low
75%
"But I really didn't." "What rubbish! You __ ___:"So
75%
What has been done when some money has been squirrelled away somewhere secret.Dough / Stow
70%
Skid
70%
Id
60%
Rid
60%
Slid
60%
What you do if you're making some gloves (for example) out of specialist leather.Sew
55%
Squid
55%
Kid
45%
Your new state of being when you've ditched your latest boyfriend.Beau
40%
What happened at the edge of a glacier where some ice floated off into the water.Floe
35%
What you might be about to do with a big tank of seawater, some baby cephalopods (cousins of octopuses), and some food to feed them.Grow
30%

Score Distribution

Percentile by Number Answered

Percent of People with Each Score

Your Score History

You have not taken this quiz since the last reset